| 000 | 00475nam a2200193Ia 4500 | ||
|---|---|---|---|
| 005 | 20250603144844.0 | ||
| 008 | 250603s9999 xx 000 0 und d | ||
| 020 | _a9780132554343 | ||
| 050 | _aTA 545 .G45/ | ||
| 100 | _aGhilani, Charles D. | ||
| 245 | 0 | _aElementary surveying : an introduction to geomatics | |
| 250 | _a13th ed. | ||
| 260 | _aNew York | ||
| 260 | _bPearson Prentice Hall | ||
| 260 | _c2018 | ||
| 300 | _a680 p | ||
| 650 | _aNew York | ||
| 942 | _cBK | ||
| 999 |
_c40149 _d40149 |
||